Every Wrestler to win Championships in WWE, WCW & ECW - Statistics

General Stats
  • This quiz has been taken 341 times
  • The average score is 10 of 19
Answer Stats
WWE Championships WCW Championships ECW Championships Wrestlers % Correct
(x1) WWE Championship,(x2)WWE European Championship, (x2) WWE Intercontinental Championship, (x4) WWE Tag Team Championship, (x1) WWE United States Championship (x1) WCW United States Championship,(x2) WCW World Cruiserweight Championship (x2) ECW World Television Championship Eddie Guerrero
80%
(x3) World Heavyweight Championship,(x4 World Tag Team Championship, (x1) WWE Championship, (x1) WWE European Championship, (x1) WWE Hardcore Championship, (x9) WWE Intercontinental Championship, (x1) WWE Tag Team Championship, (x2) WWE United States Championship (x2) World Heavyweight Championship,(x1) WCW World Television Championship, (x5) WCW World Cruiserweight Championship (x1) ECW World Television Championship Chris Jericho
77%
(x4) WWE Cruiserweight Championship,(x2) WWE Tag Team Championship (x2) WCW World Cruiserweight Championship,(x1) WCW World Tag Team Championship (x1) (WWE) ECW Heavyweight Championship Chavo Guerrero
76%
(x1) World Heavyweight Championship,(x3) World Tag Team Championship, (x4) WWE Intercontinental Championship, (x1) WWE Tag Team Championship, (x3) WWE United States Championship, (x1) WWF Light Heavyweight Championship (x2) WCW United States Championship,(x2) WCW World Tag Team Championship, (x3) WCW World Television Championship, (x1) World Heavyweight Championship (x1) ECW World Tag Team Championship Chris Benoit
76%
(x27) WWE Hardcore Championship (x1) WCW Light Heavyweight Championship,(x1) WCW United States Championship, (x1) WCW World Tag Team Championship (x2) ECW World Heavyweight Championship,(x4) ECW World Tag Team Championship Raven
72%
(x2) World Heavyweight Championship,(x5) World Tag Team Championship, (x2) WWE Championship, (x3) WWE Hardcore Championship, (x1) WWE Intercontinental Championship, (x3) WWE Tag Team Championship, (x1) WWE United States Championship (x3) WCW World Tag Team Championship,(x2) World Heavyweight Championship (x1) (WWE) ECW Heavyweight Championship Big Show
64%
(x1) World Heavyweight Championship,(x9) World Tag Team Championship, (x1) WWE 24/7 Championship, (x1) WWE Championship, (x1) WWE Hardcore Championship, (x2) WWE Intercontinental Championship, (x2) WWE Tag Team Championship (x1) WCW World Tag Team Championship (x1) (WWE) ECW Heavyweight Championship Kane
60%
(x8) World Tag Team Championship,(x3) WWE Championship, (x1) WWE Hardcore Championship (x1) WCW World Tag Team Championship (x2) ECW World Tag Team Championship Mick Foley
60%
(x3) WWE Hardcore Championship,(x1) WWE Smackdown Tag Team Championship (x1) WCW United States Championship, (x1) ECW World Heavyweight Championship,(x2) ECW World Television Championship Rhyno
54%
(x2) WWF Light Heavyweight Championship (x1) WCW United States Championship,(x4) WCW World Cruiserweight Championship, (x1) WCW World Tag Team Championship (x1) ECW World Tag Team Championship,(x2) ECW World Television Championship Dean Malenko
52%
(x1) WWE Intercontinental Champion (x1) WCW Hardcore Championship,(x1) WCW United States Championship, (x2) WCW World Tag Team Championship (x4) ECW World Heavyweight Championship,(x2) ECW World Television Championship Shane Douglas
52%
(x1) World Tag Team Championship (x1) WCW United States Championship,(x3) WCW Hardcore Championship (x2) ECW World Heavyweight Championship,(x1) ECW World Television Championship Terry Funk
48%
(x1) WWE European Championship,(x2) WWE Hardcore Championship (x2) WCW World Tag Team Championship(x1) WCW World Television Championship (x3) ECW World Tag Team Championship Perry Saturn
44%
(x8) World Tag Team Championship,(x11) WWE Hardcore Championship, (x1) WWE Tag Team Championship (x1) WCW World Tag Team Championship (x8) ECW World Tag Team Championship Bubba Ray Dudley
43%
(x8) World Tag Team Championship,(x1) WWE Tag Team Championship (x1) WCW World Tag Team Championship (x8) ECW World Tag Team Championship D-Von Dudley
43%
(x3) World Tag Team Championship,(x1) WWE Intercontinental Championship (x1) WCW Hardcore Championship,(x3) WCW United States Championship, (x1) WCW World Cruiserweight Championship (x3) ECW World Tag Team Championship Lance Storm
42%
(x1) World Tag Team Championship,(x3) WWE Cruiserweight Championship, (x1) WWE Tag Team Championship, (x1) WWF Light Heavyweight Championship (x1) WCW United States Championship (x1) ECW World Tag Team Championship,(x1) ECW World Television Championship Tajiri
33%
(x6) World Tag Team Championship,(x1) WWE Cruiserweight Championship, (x1) WWE European Championship (x1) WWE Hardcore Championship, (x2) WWE Tag Team Championship (x1) WWE RAW Tag Team Championship, (x1) WWE SmackDown Tag Team Championship, (x1) WWE United States Championship (x1) WCW World Tag Team Championship (x1) (WWE) ECW Heavyweight Championship Matt Hardy
29%
(x1) World Tag Team Championship (x1) WCW World Cruiserweight Championship (x3) ECW World Tag Team Championship Chris Candido
20%
No matching quizzes found
Score Distribution
Percent of People with Each Score
Percentile by Number Answered
Your Score History
You have not taken this quiz